KOHA-Header-6

The 8088 and 8086 Microprocessors (Record no. 9414)

000 -LEADER
fixed length control field 00250nam a2200109Ia 4500
020 ## - INTERNATIONAL STANDARD BOOK NUMBER
ISBN 978-0130930811
100 ## - MAIN ENTRY--AUTHOR NAME
Personal name Avtar Singh
245 #4 - TITLE STATEMENT
Title The 8088 and 8086 Microprocessors
260 ## - PUBLICATION, DISTRIBUTION, ETC. (IMPRINT)
Place of publication New Jersey
Name of publisher Prentice Hall
Year of publication 1992
300 ## - PHYSICAL DESCRIPTION
Number of Pages 448
942 ## - ADDED ENTRY ELEMENTS (KOHA)
Koha item type Books
Holdings
Withdrawn status Lost status Collection code Permanent Location Current Location Shelving location Date acquired Full call number Accession Number Koha item type
    CSE MAJU MAJU Shelf No.A31 2019-09-14 658.8 5138 Computer System Engineering

Powered by Koha